[Event "Adelaide University op"]
[Site "Adelaide"]
[Date "2004.07.11"]
[Round "7"]
[White "Eckermann, Andrew"]
[Black "Hill, Roderick"]
[Result "0-1"]
[WhiteElo "1497"]
[BlackElo "1900"]
[PlyCount "62"]
[EventDate "2004.07.10"]
[EventType "swiss"]
[EventRounds "7"]
[EventCountry "AUS"]
[SourceTitle "EXT 2006"]
[Source "ChessBase"]
[SourceDate "2005.11.24"]
[SourceVersion "1"]
[SourceVersionDate "2005.11.24"]
[SourceQuality "1"]

1. e4 Nc6 2. Nf3 d6 3. d4 Nf6 4. Nc3 Bg4 5. Bb5 a6 6. Bxc6+ bxc6 7. Bf4 e6 8. h3 Bh5 9. g4 Bg6 10. e5 Nd7 11. 0-0 Be7 12. Re1 0-0 13. a3 d5 14. b4 a5 15. Na2 Qb8 16. c3 Qb5 17. Nd2 Qd3 18. Re3 Qb5 19. Nb3 axb4 20. axb4 Rfb8 21. Na5 c5 22. dxc5 Nxc5 23. Nc1 Nb7 24. Ncb3 Nxa5 25. Nxa5 c5 26. Qa4 cxb4 27. Qxb5 Rxb5 28. cxb4 Rxb4 29. Bg3 Rb5 30. Nb3 Rxa1+ 31. Nxa1 Rb1+ 0-1

[Event "Adelaide University op"]
[Site "Adelaide"]
[Date "2004.07.10"]
[Round "1"]
[White "Chaudhary, Shreyas"]
[Black "Hill, Roderick"]
[Result "0-1"]
[WhiteElo "941"]
[BlackElo "1900"]
[PlyCount "68"]
[EventDate "2004.07.10"]
[EventType "swiss"]
[EventRounds "7"]
[EventCountry "AUS"]
[SourceTitle "EXT 2006"]
[Source "ChessBase"]
[SourceDate "2005.11.24"]
[SourceVersion "1"]
[SourceVersionDate "2005.11.24"]
[SourceQuality "1"]

1. e4 Nc6 2. Nf3 d5 3. exd5 Qxd5 4. Nc3 Qa5 5. d4 Bg4 6. Be3 0-0-0 7. Qd2 Bxf3 8. gxf3 e5 9. Nb5 Qxd2+ 10. Bxd2 a6 11. Na3 Bxa3 12. bxa3 Nxd4 13. 0-0-0 Nxf3 14. Bh3+ Kb8 15. Be3 Ne7 16. Bg4 Nd4 17. c3 Ndc6 18. Bc5 f5 19. Bxe7 Nxe7 20. Bh3 g6 21. Rhe1 Nc6 22. Bg2 e4 23. f3 Ne5 24. Re3 Rxd1+ 25. Kxd1 Nc4 26. Re2 Rd8+ 27. Kc1 e3 28. Bf1 f4 29. Rc2 Nd2 30. Be2 g5 31. h3 h5 32. Rb2 g4 33. Bxa6 Ka7 34. Bxb7 e2 0-1

[Event "Adelaide University op"]
[Site "Adelaide"]
[Date "2004.07.10"]
[Round "4"]
[White "Hill, Roderick"]
[Black "Campbell, Paul"]
[Result "0-1"]
[WhiteElo "1900"]
[BlackElo "1499"]
[PlyCount "60"]
[EventDate "2004.07.10"]
[EventType "swiss"]
[EventRounds "7"]
[EventCountry "AUS"]
[SourceTitle "EXT 2006"]
[Source "ChessBase"]
[SourceDate "2005.11.24"]
[SourceVersion "1"]
[SourceVersionDate "2005.11.24"]
[SourceQuality "1"]

1. e4 c5 2. Nc3 d6 3. g3 Nf6 4. Bg2 Nc6 5. d3 g6 6. h3 e6 7. Be3 Bg7 8. Qd2 0-0 9. Bh6 Rb8 10. Bxg7 Kxg7 11. f4 d5 12. e5 Ng8 13. g4 Nge7 14. Nf3 b5 15. h4 f6 16. h5 f5 17. g5 d4 18. Ne2 Qa5 19. Qxa5 Nxa5 20. hxg6 hxg6 21. Nd2 Bb7 22. Kf2 Bxg2 23. Kxg2 Nd5 24. Kf3 b4 25. Ng3 Rh8 26. Rxh8 Rxh8 27. Rh1 Rxh1 28. Nxh1 Ne3 29. c3 bxc3 30. bxc3 dxc3 0-1